The key issues when choosing adaptation of an existing building over new build (Record no. 81374)
[ view plain ]
| 000 -LEADER | |
|---|---|
| fixed length control field | 01266cab a22002055a 4500 |
| 001 - CONTROL NUMBER | |
| control field | L147070 |
| 008 - FIXED-LENGTH DATA ELEMENTS--GENERAL INFORMATION | |
| fixed length control field | 090327s2009 xxk f 000 0 eng d |
| 035 ## - SYSTEM CONTROL NUMBER | |
| System control number | (Sirsi) u147070 |
| 041 0# - LANGUAGE CODE | |
| Language code of text/sound track or separate title | eng |
| 100 1# - MAIN ENTRY--PERSONAL NAME | |
| Personal name | Watson, Paul |
| 245 04 - TITLE STATEMENT | |
| Title | The key issues when choosing adaptation of an existing building over new build |
| 260 ## - PUBLICATION, DISTRIBUTION, ETC. | |
| Date of publication, distribution, etc. | 2009 |
| 490 #0 - SERIES STATEMENT | |
| Series statement | Journal of Building Appraisal |
| Volume/sequential designation | 4(3) 215-223(9) |
| 520 ## - SUMMARY, ETC. | |
| Summary, etc. | Highlights the role that adapting or refurbishing buildings could have in addressing the UK's housing and commercial building problems. Argues that adaptation/refurbishment should take into consideration sustainability issues. Recommends that adaptation/refurbishment be done via a feasibility study to ensure that the project proceeds with minimal problems and to allow a full and proper assessment of how the building may best be upgraded, to take advantage of both energy efficiency and other environmental improvements. Puts forward a decision-making model to facilitate this process. Concludes that adaptation work may present continuing professional development opportunities and challenges for surveyors. |
| 590 ## - LOCAL NOTE (RLIN) | |
| Local note | KA |
| 650 24 - SUBJECT ADDED ENTRY--TOPICAL TERM | |
| Topical term or geographic name entry element | PLANNING POLICY STATEMENT 3 |
| 651 #4 - SUBJECT ADDED ENTRY--GEOGRAPHIC NAME | |
| Geographic name | United Kingdom |
| Chronological subdivision | |
| 690 ## - LOCAL SUBJECT ADDED ENTRY--TOPICAL TERM (OCLC, RLIN) | |
| Topical term or geographic name as entry element | Refurbishment |
| 9 (RLIN) | 6264 |
| 942 ## - ADDED ENTRY ELEMENTS (KOHA) | |
| Suppress in OPAC | 0 |
| Withdrawn status | Lost status | Source of classification or shelving scheme | Damaged status | Not for loan | Home library | Current library | Shelving location | Date acquired | Total Checkouts | Full call number | Barcode | Date last seen | Copy number | Price effective from | Koha item type |
|---|---|---|---|---|---|---|---|---|---|---|---|---|---|---|---|
| Dewey Decimal Classification | Virtual | Virtual | Journal article | 27/03/2009 | L147070 | 147070-1001 | 06/08/2019 | 1 | 06/08/2019 | Journal article |